| 000 | 01039nam a2200217Ia 4500 | ||
|---|---|---|---|
| 003 | OSt | ||
| 005 | 20240613124017.0 | ||
| 008 | 210210b2015 xxu||||| |||| 00| 0 eng d | ||
| 020 | _a9788190651356 | ||
| 040 | _cAL | ||
| 041 | _aKannada | ||
| 082 | _aK894.8 KANB | ||
| 100 |
_aKANNADA MATTU SAMSKRATI ILAKHE _dಕನ್ನಡ ಮತ್ತು ಸಂಸ್ಕೃತಿ ಇಲಾಖೆ _9170552 |
||
| 245 |
_aBaba saheb ambedkar avara samagra barehagalu mattu bhashanagalu samputa 12 _b Dr.B.R. Ambedkar bharata samvidhanada pradhana shilpi _cಬಾಬಾ ಸಾಹೇಬ್ ಅಂಬೇಡ್ಕರ್ ಅವರ ಸಮಗ್ರ ಬರೆಹಗಳು ಮತ್ತು ಭಾಷಣಗಳು: ಸಂಪುಟ 12 ಡಾI ಬಿ.ಅರ್. ಅಂಬೇಡ್ಕರ್ ಭಾರತ ಸಂವಿಧಾನದ ಪ್ರಧಾನ ಶಿಲ್ಪಿ |
||
| 260 |
_aBengaluru _bKannada mattu Samskrati Ilakhe _c2015 |
||
| 300 | _axxxii,716 | ||
| 440 |
_a12 _9170553 |
||
| 690 |
_aKannada Collections _9170554 |
||
| 906 | _a071000 | ||
| 942 |
_2ddc _cBK |
||
| 999 |
_c120400 _d120400 |
||